00475nam a22001697a 450000500170000001000150001702000260003203500140005803700130007208200080008524500610009326000250015427000410017930000200022050000420024070000230028220200730155229.0 aENG-128249 c995.00a9789382544210 aEN-111781 bDBAD/PUB a921 aMadhav Sadashiv Golwalkar/cedited by Sanjay Kumar Singh aDelhibIsha Gyandeep aAD/77A, Shalimar BaghbDelhie110088 a212p.c23cm(hb) aincludes Bibliographical references  aSanjay Kumar Singh